000 00992nam a2200229Ia 4500
003 IN-BaIIA
008 211028s9999 xx 000 0 eng d
020 _a978-1-58381-748-3
040 _cIIA Library
080 _a082.2:52
_bASP-434
111 _aConference on Astronomical Data Analysis Software and Systems
_n19th
_cSapporo
_d2009 Oct. 4-8
_934188
245 0 _aAstronomical data analysis software and systems XIX
_bproceedings of a Conference on Astronomical data analysis software and systems XIX, held in Sapporo, Japan, 4-8 Oct 2009
_cedited by Y. Mizumoto , K. I. Morita and  M. Ohishi 
260 _aSan Francisco
_bAstronomical Society of the Pacific
_c2010
300 _a[various pagings.]
650 _aAstronomy - congresses
_911249
650 _aData analysis - congresses
_933654
650 _aSoftware and systems - congresses
_934189
700 _aMizumoto, Y., ed.
_934190
700 _aMorita, K. I., ed.
_934191
700 _aOhishi, M., ed.
_934192
942 _cBK
999 _c17961
_d17961